An autobigraphy (Record no. 553315)

000 -LEADER
fixed length control field 00273nam a22001217a 4500
082 ## - DEWEY DECIMAL CLASSIFICATION NUMBER
Classification number 926.2
Author Mark SPE
100 ## - MAIN ENTRY--PERSONAL NAME
Personal name Spencer Herbert
9 (RLIN) 50493
245 ## - TITLE STATEMENT
Title An autobigraphy
250 ## - EDITION STATEMENT
Edition statement 1st
526 ## - STUDY PROGRAM INFORMATION NOTE
Program name 0
Interest level 0
Reading level 0
Title point value 926_200000000000000_SPE
650 ## - SUBJECT ADDED ENTRY--TOPICAL TERM
Topical term or geographic name entry element MCE
9 (RLIN) 379
942 ## - ADDED ENTRY ELEMENTS (KOHA)
Source of classification or shelving scheme
Koha item type Book
Holdings
Withdrawn status Lost status Source of classification or shelving scheme Damaged status Not for loan Permanent Location Current Location Shelving location Date acquired Total Checkouts Full call number Barcode Date last seen Price effective from Koha item type
          Military College of Engineering (MCE) Military College of Engineering (MCE)   02/04/2015   926.2 SPE MCE-ECA / 48 02/04/2015 02/04/2015 Book
© 2023 Central Library, National University of Sciences and Technology. All Rights Reserved.